000 00357nam a22001457a 4500
020 _a9788120333680
082 _a551.48
_bVIE/IN
100 _aViessman, Warren,Jr.
_9661
100 _aLewis,Gary L.
_9662
245 _aIntroduction to Hydrology
250 _a5 th
260 _aNew Delhi
_bPHI Learning Private Limited
_c2011
300 _a612
942 _cBK
999 _c14409
_d14409